Обеспечение транспортной безопасности (Запись № 13677245)

Подробности
000 -МАРКЕР
контрольное поле 03610nam0a2200373 4500
001 - ИДЕНТИФИКАТОР ЗАПИСИ
контрольное поле RU\NLR\BIBL_A\022581694
005 - ИДЕНТИФИКАТОР ВЕРСИИ
контрольное поле 20260420050528.0
010 ## - МЕЖДУНАРОДНЫЙ СТАНДАРТНЫЙ НОМЕР КНИГИ (ISBN)
Номер (ISBN) 978-5-9509-0698-5
Тираж 100
021 ## - НОМЕР ГОСУДАРСТВЕННОЙ РЕГИСТРАЦИИ
Код страны Российская Федерация
Номер КН-П-25-028927
Номер Листа государственной регистраци КН-П-25-2861
035 ## - ДРУГИЕ СИСТЕМНЫЕ НОМЕРА
Идентификатор записи (NLR Aleph) 022581694
100 ## - ДАННЫЕ ОБЩЕЙ ОБРАБОТКИ
Данные общей обработки 20250708d2025 u y0rusy50 ca
101 0# - ЯЗЫК РЕСУРСА
Язык текста, звукозаписи и т.д. русский
102 ## - СТРАНА ПУБЛИКАЦИИ ИЛИ ПРОИЗВОДСТВА
Страна публикации Российская Федерация
105 ## - ПОЛЕ КОДИРОВАННЫХ ДАННЫХ: ТЕКСТОВЫЕ МАТЕРИАЛЫ, МОНОГРАФИЧЕСКИЕ
Кодированные данные о монографическом текстовом документе a j 000yy
181 #0 - ПОЛЕ КОДИРОВАННЫХ ДАННЫХ: ВИД СОДЕРЖАНИЯ
Код вида содержания (ISBD) i3
Код характеристики содержания (ISBD) axxe
182 #0 - ПОЛЕ КОДИРОВАННЫХ ДАННЫХ: ТИП СРЕДСТВА
Код типа средства (ISBD) n - непосредственное
200 1# - ЗАГЛАВИЕ И СВЕДЕНИЯ ОБ ОТВЕТСТВЕННОСТИ
Основное заглавие Обеспечение транспортной безопасности
Сведения, относящиеся к заглавию учебное пособие
-- для студентов 1-го курса, обучающихся по магистерской программе по дисциплине "Транпортная безопасность" (направление подготовки 26.04.01 "Гидрографическое обеспечение судоходства"), а также для студентов 1-го и 3-го курса, обучающихся по программе бакалавриата по дисциплине "Экология" (направление подготовки: 26.03.01 "Управление водным транспортом", 26.05.05 "Судовождение")
Первые сведения об ответственности Е. Ю. Кузнецова, Н. В. Покровская, А. В. Поляков
Последующие сведения об ответственности Федеральное агентство морского и речного транспорта, Федеральное государственное бюджетное образовательное учреждение высшего образования Государственный университет морского и речного флота имени адмирала С. О. Макарова, Институт Морская академия, Факультет навигации и связи, Кафедра безопасности жизнедеятельности
203 ## - ВИД СОДЕРЖАНИЯ И ТИП СРЕДСТВА
Вид содержания Текст
Дополнительные сведения об издании визуальный
Тип средства непосредственный
210 ## - ПУБЛИКАЦИЯ, РАСПРОСТРАНЕНИЕ И ДР.
Место издания, распространения и т.д. Санкт-Петербург
Имя издателя, распространителя и т. д. Изд-во ГУМРФ имени адмирала С. О. Макарова
Дата издания, распространения и т.д. 2025
215 ## - ФИЗИЧЕСКАЯ ХАРАКТЕРИСТИКА
Специфическое обозначение материала и объем 118, [1] с.
Другие сведения о физической характеристике ил.
Размеры 21
300 ## - ОБЩИЕ ПРИМЕЧАНИЯ
Текст примечания В вып. дан. авт.: Кузнецова Е. Ю., канд. техн. наук, Покровская Н. В., канд. юрид. наук, проф., Поляков А. В.
320 ## - ПРИМЕЧАНИЯ О НАЛИЧИИ В ДОКУМЕНТЕ БИБЛИОГРАФИИ / УКАЗАТЕЛЯ
Текст примечания Библиогр.: с. 96-97 (23 назв.)
606 1# - НАИМЕНОВАНИЕ ТЕМЫ КАК ПРЕДМЕТ
Наименование темы Транспорт
Формальный подзаголовок Учебные издания для высших учебных заведений
Тематический подзаголовок Безопасность
-- Правовые вопросы
Географический подзаголовок Российская Федерация
Системный номер авторитетной/нормативной записи 2404556
Идентификатор авторитетной/нормативной записи RU\NLR\AUTH\661433111
606 1# - НАИМЕНОВАНИЕ ТЕМЫ КАК ПРЕДМЕТ
Наименование темы Морские суда
Формальный подзаголовок Учебные издания для высших учебных заведений
Тематический подзаголовок Безопасность плавания
-- Правовые вопросы
Географический подзаголовок Российская Федерация
Системный номер авторитетной/нормативной записи 2603523
Идентификатор авторитетной/нормативной записи RU\NLR\AUTH\661540081
686 1# - ИНДЕКСЫ ДРУГИХ КЛАССИФИКАЦИЙ
Индекс Х621.145я73
686 1# - ИНДЕКСЫ ДРУГИХ КЛАССИФИКАЦИЙ
Индекс Х621.145.42я73
701 #1 - ИМЯ ЛИЦА - АЛЬТЕРНАТИВНАЯ ОТВЕТСТВЕННОСТЬ
Начальный элемент ввода Кузнецова
Часть имени, кроме начального элемента ввода Е. Ю.
Дополнения к именам, кроме дат канд. техн. наук, безопасность жизнедеятельности
Расширение инициалов личного имени Елена Юрьевна
Системный номер авторитетной/нормативной записи 258617
Идентификатор авторитетной/нормативной записи RU\NLR\AUTH\770258673
701 #1 - ИМЯ ЛИЦА - АЛЬТЕРНАТИВНАЯ ОТВЕТСТВЕННОСТЬ
Начальный элемент ввода Покровская
Часть имени, кроме начального элемента ввода Н. В.
Расширение инициалов личного имени Наталия Васильевна
701 #1 - ИМЯ ЛИЦА - АЛЬТЕРНАТИВНАЯ ОТВЕТСТВЕННОСТЬ
Начальный элемент ввода Поляков
Часть имени, кроме начального элемента ввода А. В.
Дополнения к именам, кроме дат преподаватель, безопасность жизнедеятельности
Расширение инициалов личного имени Александр Владимирович
Системный номер авторитетной/нормативной записи 233222
Идентификатор авторитетной/нормативной записи RU\NLR\AUTH\770233278
942 ## - ДОПОЛНИТЕЛЬНЫЕ ЭЛЕМЕНТЫ ЗАПИСИ (АБИС)
Тип экземпляра АБИС Книга
980 ## - КОЛЛЕКЦИЯ
Название коллекции Национальная библиография

Нет доступных экземпляров.